00695 a2200157 45000010006000000050017000060080041000230030015000640400040000790800085001192450052002042640033002563000019002895050202003081000027005102523020260407155536.0260407a1977 arg spa dAR-UNSa-BCEJYS aAR-UNSa-BCEJYSbspacAR-UNSa-BCEJYS a347.71xTransacciones comerciales. La persona en el comercio (fondo de comercio)10aExpropiación de empresas y fondos de comercio 1aBuenos Aires :bAstreac1977 a139 p.c20 cm. a1. Empresaa. Fondo de comercio. Sociedad - 2. Formas y modods expropiatorios practicados - 3. La actitud del expropiante - 4. Nuestra posición respecto de la actitud del estado - 5. Conclusiones.1 aFerro, Héctor Raúl